000 00935cam a22002651 4500
001 hew60000097
003 DLC
005 20260227111510.0
008 740925s1960 dcu f000 0 eng c
010 _ahew60000097
035 _a(OCoLC)1020769
040 _aU.S. Dept. of Health, Education, and Welfare. Library
_cTxU-Da
_dOCoLC
_dISS
_dDLC
042 _apremarc
050 0 0 _aLB2331
_b.H37
082 _a378.2
086 0 _aFS 5.250:55010
100 1 _aHatch, Winslow Roper,
_d1908-
245 1 4 _aThe experimental college.
260 _a[Washington]
_bU.S. Dept. of Health, Education, and Welfare, Office of Education
_c[1960]
300 _aiii, 13 p.
_c23 cm.
410 1 0 _aUnited States.
_bOffice of Education.
_bDivision of Higher Education.
_tNew dimensions in higher education,
_vno. 3
500 _a"OE-50010."
650 0 _aUniversities and colleges
_zUnited States.
650 0 _aEducation, Higher
_xAims and objectives.
999 _c34259
_d34259